000 00423cam a2200157ua 4500
041 _aeng
_h
082 _a005.133
_bPET/LI
100 _aPetersen, Richard .
245 _aLinux: the complete reference /
_cRichard Petersen.
_hTextual Documents
250 _a5 /
_b.
260 _aNew Delhi :
_bTata Mc-Graw Hill Publishing Company ,
_c2003.
300 _a918 ;
_e`.
504 _a
942 _cBK
999 _c13067
_d13067